[Event "Lloyds Bank op"]
[Site "London"]
[Date "1987.??.??"]
[Round "3"]
[White "Ivanov, Igor V"]
[Black "Agnos, Demetrios"]
[Result "1-0"]
[WhiteElo "2500"]
[BlackElo "2330"]

1.c4 Nf6 2.Nf3 g6 3.Nc3 Bg7 4.e4 d6 5.d4 O-O 6.Be2 e5 7.d5 Nbd7 8.Nd2 a5
9.h4 h5 10.Nf3 Nc5 11.Bg5 c6 12.Nd2 Qe8 13.f3 Bd7 14.Nb3 Nxb3 15.Qxb3 Bc8
16.Qa3 c5 17.Nb5 Qd7 18.O-O-O Ne8 19.g4 hxg4 20.fxg4 f6 21.Bd2 Nc7 22.h5 Nxb5
23.cxb5 g5 24.h6 Bh8 25.h7+ Kf7 26.Rdf1 Ke7 27.b6 a4 28.b4 c4 29.Qf3 Qd8
30.a3 Bd7 31.Be3 Qe8 32.Kb2 Rc8 33.Rc1 Bb5 34.Rc3 Qg6 35.Rh5 Rf7 36.Qh1 Rg7
37.Rh6 Qf7 38.Bd2 Rg6 39.Rh5 Rg7 40.Qf1 Rxh7 41.Qf5 Rxh5 42.Qxc8 Rh2 43.Qxb7+ Bd7
44.Rxc4 Rxe2 45.Qxd7+ Kxd7 46.Rc7+ Ke8 47.Rxf7 Kxf7 48.b7 Rxd2+ 49.Kc1  1-0

[Event "Lloyds Bank op"]
[Site "London"]
[Date "1987.??.??"]
[Round "10"]
[White "Nunn, John DM"]
[Black "Ivanov, Igor V"]
[Result "1/2-1/2"]
[WhiteElo "2585"]
[BlackElo "2500"]

1.e4 c5 2.Nf3 Nc6 3.d4 cxd4 4.Nxd4 g6 5.c4 Nf6 6.Nc3 d6 7.Be2 Nxd4 8.Qxd4 Bg7
9.Bg5 h6 10.Be3 O-O 11.Qd2 Kh7 12.O-O Be6 13.f4 Rc8 14.b3 a6 15.Rad1 Qa5
16.Bd4 Bd7 17.Bxf6 exf6 18.Nd5 Qc5+ 19.Kh1 a5 20.f5 Rce8 21.Bf3 Bc6 22.Qd3 Re5
23.Nf4 Rfe8 24.Qxd6 Qxd6 25.Rxd6 gxf5 26.exf5 Bxf3 27.gxf3 Rxf5 28.Rd4 Bf8
29.Re4 Ree5 30.Kg2 Bd6 31.Nd3 Rxe4 32.fxe4 Rxf1 33.Kxf1 Bxh2 34.Nc5 Kg6 35.Nxb7 Bc7
36.Kg2 f5 37.exf5+ Kxf5 38.a3 Ke4 39.b4 axb4 40.axb4 Kd4 41.b5 Kxc4 42.b6  1/2-1/2

[Event "USA-op"]
[Site "Los Angeles"]
[Date "1987.??.??"]
[Round "6"]
[White "Ivanov, Igor V"]
[Black "Djuric, Stefan"]
[Result "1-0"]
[WhiteElo "2500"]
[BlackElo "2465"]

1.d4 Nf6 2.c4 g6 3.Nc3 Bg7 4.e4 d6 5.Be2 O-O 6.Nf3 e5 7.d5 a5 8.h4 Na6 9.Nd2 Nc5
10.h5 gxh5 11.Qc2 c6 12.Nb3 Nxb3 13.Qxb3 a4 14.Qa3 h6 15.Be3 Qa5 16.Bd2 Qd8
17.O-O-O cxd5 18.cxd5 Re8 19.Kb1 Bd7 20.Rc1 b5 21.f3 Qb6 22.Nd1 Reb8 23.Be3 b4
24.Qd3 Qb7 25.Qd2 Kf8 26.Nf2 Ra5 27.Rc4 Nxd5 28.exd5 Rxd5 29.Qc1 Bf5+ 30.Ne4 a3
31.Rc7 axb2 32.Qc4 Qa8 33.Ra7 Be6 34.Qa6 Qxa7 35.Qxa7 Rc8 36.Kxb2  1-0

[Event "Primorsko op"]
[Site "Primorsko"]
[Date "1987.??.??"]
[Round "7"]
[White "Ivanov, Igor V"]
[Black "Kremenietsky, Anatoly M"]
[Result "1-0"]
[WhiteElo "2315"]
[BlackElo "2395"]

1.e4 e6 2.d4 d5 3.Nd2 c5 4.Ngf3 a6 5.exd5 exd5 6.Be2 Nf6 7.O-O cxd4 8.Nb3 Bd6
9.Bg5 O-O 10.Nbxd4 Re8 11.Re1 Nc6 12.c3 Bg4 13.h3 Bd7 14.Qb3 Na5 15.Qc2 h6
16.Bh4 Bf4 17.Bd3 Qb6 18.Ne2 Bc7 19.Nfd4 Ne4 20.f3 Qd6 21.fxe4 Qh2+ 22.Kf1 Bxh3
23.Ng1 dxe4 24.gxh3 Qf4+ 25.Qf2 exd3 26.Qxf4 Bxf4 27.Rxe8+ Rxe8 28.b3 Rc8
29.c4 Nc6 30.Nxc6 Rxc6 31.Rd1 d2 32.Ne2 Be3 33.Nc3 g5 34.Nd5 Bc5 35.Bf2 b5
36.b4 Bxb4 37.Nxb4 Rxc4 38.Nxa6 Ra4 39.Nc7 Rxa2 40.Nxb5 f5 41.Ke2 Ra5 42.Nd4 Kf7
43.Rxd2 Kg6 44.Rb2 f4 45.Kf3 Kh5 46.Rb6 Ra3+ 47.Kg2 Ra7 48.Nf5 Rh7 49.Kf3  1-0

[Event "Primorsko op"]
[Site "Primorsko"]
[Date "1987.??.??"]
[Round "8"]
[White "Ivanov, Igor V"]
[Black "Toshkov, Tihomir"]
[Result "1/2-1/2"]
[WhiteElo "2315"]
[BlackElo "2435"]

1.e4 e5 2.Nf3 Nc6 3.Bb5 a6 4.Ba4 d6 5.O-O Nf6 6.d4 b5 7.Bb3 Nxd4 8.Nxd4 exd4
9.c3 Be7 10.cxd4 O-O 11.Nc3 Bb7 12.e5 Nd7 13.Bf4 dxe5 14.dxe5 Nc5 15.Bd5 c6
16.Bf3 Nd3 17.Qd2 Nxe5 18.Qe3 Nxf3+ 19.Qxf3 Qb6 20.Rfe1 c5 21.Qg3 Bf6 22.Rad1 Rfe8
23.Be5 h5 24.h4 Rad8 25.Bxf6 Qxf6 26.Rxe8+ Rxe8 27.Rd6 Qe5 28.Qxe5 Rxe5 29.Rd8+ Kh7
30.Rd7 Bc6 31.Rc7 Re6 32.Kh2 f5 33.Kg3 c4 34.f3 b4 35.Nd1 Ba4 36.Nf2 Rc6
37.Rxc6 Bxc6 38.Kf4 a5 39.Kxf5 a4 40.Nd1 Be8 41.Ke5 Bf7 42.Kd4 g5 43.hxg5 h4
44.Ne3 c3 45.bxc3 b3 46.axb3 axb3 47.Nd1 Kg6 48.c4 Kxg5 49.Kc3 Kf4 50.Kxb3 Be8
51.Kc3 Ba4 52.Kd2  1/2-1/2

[Event "BCF-ch"]
[Site "Swansea"]
[Date "1987.??.??"]
[Round "?"]
[White "Conquest, Stuart"]
[Black "Ivanov, Igor V"]
[Result "1-0"]
[WhiteElo "2395"]
[BlackElo "2500"]

1.d4 Nf6 2.c4 e6 3.g3 d5 4.Nf3 dxc4 5.Bg2 Nc6 6.O-O Rb8 7.Nc3 Bb4 8.a3 Bxc3
9.bxc3 O-O 10.a4 b6 11.Ba3 Re8 12.Nd2 Nd5 13.Qc2 Ba6 14.e4 Nf6 15.Rfd1 Qc8
16.Qa2 Na5 17.Bb4 Nb3 18.Nxb3 cxb3 19.Qxb3 c5 20.Ba3 Bd3 21.f3 Qa6 22.Qa2 Rbc8
23.Qd2 Be2 24.Re1 Bc4 25.a5 cxd4 26.cxd4 bxa5 27.Bc5 a4 28.Qb4 Bb5 29.Reb1 Rb8
30.Bf1 Bxf1 31.Qxb8 Be2 32.Ra3 Bd3 33.Qb7 Qc4 34.Rba1 g5 35.Rxa4 Qc3 36.Rxa7  1-0

[Event "BCF-ch"]
[Site "Swansea"]
[Date "1987.??.??"]
[Round "?"]
[White "Pritchett, Craig William"]
[Black "Ivanov, Igor V"]
[Result "0-1"]
[WhiteElo "2385"]
[BlackElo "2500"]

1.e4 c5 2.Nf3 Nc6 3.d4 cxd4 4.Nxd4 g6 5.c4 Nf6 6.Nc3 d6 7.Be2 Nxd4 8.Qxd4 Bg7
9.Bg5 h6 10.Be3 O-O 11.Qd2 Kh7 12.f3 Be6 13.Rc1 Rc8 14.b3 a6 15.O-O Qa5 16.Na4 Qxd2
17.Bxd2 Nd7 18.Be3 Rb8 19.Nc3 Rfc8 20.f4 Nf6 21.Ba7 Ra8 22.Bd4 Ng8 23.Bxg7 Kxg7
24.f5 Bd7 25.Nd5 Rab8 26.Bd3 Bc6 27.fxg6 Bxd5 28.exd5 fxg6 29.b4 a5 30.a3 axb4
31.axb4 Nf6 32.Rce1 Rc7 33.Rf3 b5 34.Rg3 g5 35.cxb5 Nxd5 36.h4 Nxb4 37.hxg5 Nxd3
38.gxh6+ Kxh6 39.Re6+ Kh7 40.Rxd3 Kg7 41.Rb3 Kf7 42.Rh6 Rb6 43.Rh7+ Kg6 44.Rbh3 Rcb7
45.R3h5 Kf6 46.R7h6+ Kf7 47.Rf5+ Ke8 48.Rhh5 Kd7 49.Rfg5 Rb8 50.Kf2 Rf8+
51.Ke3 Rf6 52.Rh7 Rb8 53.Kd4 Rf1 54.Rhh5 e5+ 55.Kc4 Rc1+ 56.Kd3 Rxb5 57.Rg6 Kc6  0-1

[Event "BCF-ch"]
[Site "Swansea"]
[Date "1987.??.??"]
[Round "?"]
[White "Ivanov, Igor V"]
[Black "Adams, Michael"]
[Result "1-0"]
[WhiteElo "2500"]
[BlackElo "2360"]

1.c4 e5 2.g3 Nf6 3.Bg2 Nc6 4.Nf3 g6 5.d4 exd4 6.Nxd4 Bg7 7.Nc3 O-O 8.O-O Re8
9.e3 Rb8 10.b3 Nxd4 11.exd4 d6 12.h3 a6 13.Be3 b5 14.cxb5 axb5 15.Rc1 b4
16.Ne2 Bb7 17.d5 Ba6 18.Re1 Bxe2 19.Qxe2 Nd7 20.Qc4 Bc3 21.Red1 Nb6 22.Qf4 Be5
23.Qf3 Ra8 24.Rc2 Nd7 25.Bd2 Qb8 26.Qg4 f5 27.Qxb4 Qxb4 28.Bxb4 Reb8 29.Be1 Rb7
30.Bf1 Nc5 31.Bc4 Kf8 32.b4 Ne4 33.Bb3 Bf6 34.f3 Ng5 35.Kg2 Ke7 36.a4 Kd8
37.Re2 Nf7 38.f4 Kd7 39.Bc2 Nd8 40.a5 Rab8 41.Ba4+ Kc8 42.Bc6 Rxb4 43.Bxb4 Rxb4
44.Re8 Rb2+ 45.Kf3 Kb8 46.Rf8 Be7 47.Rh8 Rb3+ 48.Ke2 h5 49.Rd3 Rb2+ 50.Kd1 Bf6
51.Rf8 Be7 52.Re8 Bf6 53.Rde3 h4 54.R3e6 Ka7 55.Rxf6  1-0

[Event "BCF-ch"]
[Site "Swansea"]
[Date "1987.??.??"]
[Round "?"]
[White "Ivanov, Igor V"]
[Black "Bellin, Robert"]
[Result "1-0"]
[WhiteElo "2500"]
[BlackElo "2400"]

1.d4 f5 2.Nf3 Nf6 3.g3 e6 4.Bg2 Be7 5.O-O O-O 6.Bg5 d6 7.Nc3 d5 8.e3 h6 9.Bxf6 Bxf6
10.Ne2 Qd6 11.c4 c6 12.Qb3 Nd7 13.Rac1 Kh7 14.Rfd1 Qe7 15.Nf4 dxc4 16.Qxc4 e5
17.dxe5 Nxe5 18.Nxe5 Bxe5 19.b4 g5 20.Nd3 Be6 21.Qc2 Bd6 22.e4 Qf7 23.e5 Be7
24.Nc5 Bxc5 25.Qxc5 Bxa2 26.Rd6 Be6 27.b5 cxb5 28.Bxb7 Rab8 29.Rxe6 Qxe6
30.Bd5 Qd7 31.e6 Qg7 32.Bc6 Rfc8 33.Re1 Kh8 34.e7 Re8 35.Qd6 a5 36.Re6 Kh7
37.Qc5 Qf7 38.Re5 Kh8 39.Qd6 Qg7 40.Rxf5 b4 41.Bxe8  1-0

[Event "BCF-ch"]
[Site "Swansea"]
[Date "1987.??.??"]
[Round "?"]
[White "Ivanov, Igor V"]
[Black "Crawley, Gavin"]
[Result "1/2-1/2"]
[WhiteElo "2500"]
[BlackElo "2345"]

1.c4 e5 2.g3 Nc6 3.Bg2 Nf6 4.Nf3 d5 5.cxd5 Nxd5 6.O-O Bc5 7.Nxe5 Nxe5 8.d4 Nb4
9.a3 Qxd4 10.Qxd4 Bxd4 11.axb4 O-O 12.Rd1 Bb6 13.Nc3 Nc4 14.e3 c6 15.b5 cxb5
16.Nxb5 Ne5 17.h3 g5 18.Bd2 g4 19.Bb4 Rd8 20.Rxd8+ Bxd8 21.hxg4 Bxg4 22.Bxb7 Rb8
23.Rxa7 Bf3 24.Bd6 Rxb7 25.Rxb7 Bxb7 26.Bxe5 Kf8 27.Bd6+ Kg7 28.b4 h5 29.Bc5 Kf6
30.f4 Ke6 31.Kf2 h4 32.g4 Bh1 33.Kg1 Be4 34.Kh2 Bd3 35.Nd6 Be2 36.g5 Bg4
37.Kg2 Bc7 38.Ne8 Bd8 39.b5 Kd5 40.Bd4 Bd7 41.b6 Bxe8 42.b7 Bc7 43.Be5 Bc6
44.Bxc7 Ke6+ 45.Kh3 Bxb7 46.Kxh4 Kf5  1/2-1/2

[Event "BCF-ch"]
[Site "Swansea"]
[Date "1987.??.??"]
[Round "?"]
[White "Ivanov, Igor V"]
[Black "Lane, Gary W"]
[Result "1/2-1/2"]
[WhiteElo "2500"]
[BlackElo "2285"]

1.e4 e5 2.Nf3 Nc6 3.Bb5 g6 4.O-O Bg7 5.c3 a6 6.Ba4 d6 7.d4 Bd7 8.Bg5 f6 9.Be3 Nh6
10.dxe5 Nxe5 11.Nd4 Qe7 12.Na3 Nhf7 13.f4 Bh6 14.Kh1 Nc6 15.Qf3 O-O 16.Bb3 Rae8
17.f5 Bxe3 18.Qxe3 Nxd4 19.Qxd4 Kg7 20.Rae1 Bxf5 21.Nc2 Be6 22.Ne3 Bxb3 23.axb3 c6
24.Nc4 d5 25.Nd2 Ng5 26.h4 Nxe4 27.Nxe4 dxe4 28.Rf4 Qe5 29.Rexe4 Qxd4 30.Rxd4 Rf7
31.Rf2 Re5 32.g3 Rfe7 33.Kg2 f5 34.g4 fxg4 35.Rxg4 Re4 36.Rxe4 Rxe4 37.Kg3 Re5
38.b4 Rd5 39.Rf3 Re5 40.Rf2 Rd5 41.Kg4 h6 42.Kg3 Rd3+ 43.Kf4 b6  1/2-1/2

[Event "US op"]
[Site "Boston"]
[Date "1988.??.??"]
[Round "?"]
[White "Shapiro, Daniel E"]
[Black "Ivanov, Igor V"]
[Result "1/2-1/2"]
[WhiteElo "2290"]
[BlackElo "2505"]

1.d4 Nf6 2.Nf3 g6 3.c4 Bg7 4.g3 O-O 5.Bg2 d5 6.O-O dxc4 7.Na3 c3 8.bxc3 c5
9.Nc4 Be6 10.Nce5 Nd5 11.Ng5 Nxc3 12.Nxe6 fxe6 13.Qb3 Nxe2+ 14.Kh1 Nxd4 15.Qxb7 Nbc6
16.Nxc6 Nxc6 17.Qxc6 Bxa1 18.Qxe6+ Kg7 19.Be3 Bd4 20.Bxd4+ cxd4 21.Qe5+ Kh6
22.g4 Qd6 23.Qxd6 exd6 24.Bxa8 Rxa8 25.Rd1 Rf8 26.Kg2 Rf4 27.Kg3 g5 28.h4 Kg6
29.hxg5 Kxg5 30.f3 h5 31.gxh5 Rh4 32.h6 Rxh6 33.Rxd4 Kf5 34.Ra4 Rg6+  1/2-1/2

[Event "US op"]
[Site "Boston"]
[Date "1988.??.??"]
[Round "?"]
[White "Baczynskyj, Boris"]
[Black "Ivanov, Igor V"]
[Result "0-1"]
[WhiteElo "2350"]
[BlackElo "2505"]

1.d4 Nf6 2.Nf3 g6 3.Bg5 Ne4 4.Bh4 c5 5.e3 Qb6 6.Nc3 Nxc3 7.bxc3 Qb2 8.Kd2 cxd4
9.exd4 d5 10.Rb1 Qa3 11.Bb5+ Nc6 12.Rb3 Qxa2 13.Re1 Bf5 14.Bg5 Rc8 15.Bxc6+ Rxc6
16.Rxb7 f6 17.Bf4 g5 18.Bxg5 Rg8 19.Be3 Rxg2 20.Qb1 Qa5 21.Qb3 Be4 22.Rb8+ Kf7
23.Rb5 Qd8 24.Ng1 a6 25.Rb8 Qc7 26.Ne2 Qxh2 27.Qb7 Bh6 28.Qxc6 Bxe3+ 29.Kxe3 Qxb8
30.Nf4 Rxf2 31.Qe6+ Kf8 32.Ne2 Rf3+ 33.Kd2 Qb2 34.Rc1 Rd3+ 35.Ke1 Re3 36.Kd2 Rxe2+  0-1

[Event "New York op"]
[Site "New York"]
[Date "1988.??.??"]
[Round "?"]
[White "Ivanov, Igor V"]
[Black "Santa, Luis A"]
[Result "1-0"]
[WhiteElo "2505"]
[BlackElo "2215"]

1.c4 Nf6 2.Nf3 c6 3.g3 d5 4.b3 Bf5 5.Bg2 e6 6.O-O Be7 7.d3 O-O 8.Bb2 a5 9.a3 Nbd7
10.Nbd2 h6 11.Ra2 Qb6 12.Qa1 Qa6 13.Rc1 Bh7 14.Ne5 Nxe5 15.Bxe5 Rfd8 16.Nf3 Ne8
17.Bh3 Bf6 18.Qb2 Qb6 19.Raa1 Bxe5 20.Nxe5 Qc7 21.b4 axb4 22.axb4 Qe7 23.Nf3 Nd6
24.c5 Nb5 25.Qe5 Qe8 26.Nh4 Rxa1 27.Rxa1 Ra8 28.Rxa8 Qxa8 29.f4 Qd8 30.f5 exf5
31.Bxf5 g6 32.Bh3 Qf8 33.Ng2 d4 34.Nf4 Qd8 35.Kf2 Qf8 36.Qf6 Qe8 37.Ne6  1-0

[Event "New York op"]
[Site "New York"]
[Date "1988.??.??"]
[Round "?"]
[White "La Rota, Fabio"]
[Black "Ivanov, Igor V"]
[Result "0-1"]
[WhiteElo "2295"]
[BlackElo "2505"]

1.e4 g6 2.Nc3 c5 3.g3 b6 4.Bg2 Bb7 5.d3 Nc6 6.Be3 Bg7 7.Qd2 e6 8.Nf3 d6 9.Rd1 Nd4
10.Bxd4 cxd4 11.Nb5 e5 12.Qb4 Bf8 13.Qa4 Bc6 14.Qc4 Qd7 15.Bh3 f5 16.a4 a6
17.Na3 Nh6 18.O-O b5 19.axb5 axb5 20.Qb3 Qf7 21.Qxf7+ Kxf7 22.Nd2 Ng4 23.Bxg4 fxg4
24.f3 gxf3 25.Rxf3+ Ke6 26.Rdf1 Be7 27.h4 Rhf8 28.Rxf8 Bxf8 29.Nf3 h6 30.Nb1 Be7
31.c3 dxc3 32.bxc3 d5 33.d4 dxe4 34.Nxe5 Be8 35.Kf2 Ra2+ 36.Ke3 Rg2 37.Kxe4 Rxg3
38.Rf4 Rh3 39.d5+ Kd6 40.Nf3 g5 41.hxg5 Bg6+ 42.Kd4 hxg5 43.c4 bxc4 44.Ng1 Rd3+
45.Kxc4  0-1

[Event "New York op"]
[Site "New York"]
[Date "1988.??.??"]
[Round "?"]
[White "Ivanov, Igor V"]
[Black "Morovic Fernandez, Ivan"]
[Result "0-1"]
[WhiteElo "2505"]
[BlackElo "2535"]

1.c4 e6 2.d4 Nf6 3.Nc3 d5 4.Bg5 Be7 5.e3 O-O 6.Nf3 Nbd7 7.Qc2 c5 8.cxd5 Nxd5
9.Bxe7 Qxe7 10.Nxd5 exd5 11.Bd3 g6 12.dxc5 Nxc5 13.O-O Bg4 14.Nd4 Rfc8 15.Rac1 Bd7
16.Qd2 Ne6 17.Be2 Qf6 18.Nf3 Rxc1 19.Rxc1 Rc8 20.Rd1 Rc5 21.b4 Rc7 22.h3 Ba4
23.Rc1 Rxc1+ 24.Qxc1 Kg7 25.Qd2 Nc7 26.Nd4 Bd7 27.Bf3 Kg8 28.Qc3 Qd6 29.Qb3 b6
30.Ne2 Bb5 31.Nf4 Bc4 32.Qb2 d4 33.Qc2 Qxb4 34.exd4 Ne6 35.Nxe6 Qe1+ 36.Kh2 Qxe6
37.g3 Bxa2 38.Qc7 Kg7 39.Qxa7 Bc4 40.Qc7 b5 41.Qc5 Qf5 42.Qc6 Qd3 43.Qe4 Qxe4
44.Bxe4 f5 45.Bb1 Bd5 46.Kg1 Be4 47.Ba2 Bc2 48.Bd5 b4 49.Bc6 b3 50.Ba4 Bd1
51.Bb5 b2 52.Bd3 Bf3  0-1

[Event "New York op"]
[Site "New York"]
[Date "1988.??.??"]
[Round "?"]
[White "Ivanov, Igor V"]
[Black "Gulko, Boris F"]
[Result "0-1"]
[WhiteElo "2505"]
[BlackElo "2595"]

1.c4 g6 2.Nc3 c5 3.Nf3 Bg7 4.g3 Nc6 5.Bg2 d6 6.O-O Nf6 7.d4 cxd4 8.Nxd4 Bd7
9.b3 O-O 10.Bb2 Qa5 11.e4 Nxd4 12.Qxd4 Rac8 13.Rac1 Rfe8 14.a3 Ng4 15.Qd1 Ne5
16.Kh1 b5 17.cxb5 Bxb5 18.b4 Qa6 19.Nxb5 Qxb5 20.Qd4 Bf6 21.Qxa7 Nc6 22.Rxc6 Rxc6
23.e5 Ra6 24.Qb7 Rb6 25.Qd5 Qxd5 26.Bxd5 Bxe5 27.Bxe5 dxe5 28.b5 Rd8 29.Bc6 Rd4
30.Ra1 Ra4 31.Kg2 f5 32.Bd5+ Kf8 33.Bb3 Ra5 34.Bc4 Ke8 35.a4 Kd7 36.Bb3 Rd6
37.Rc1 Rd3 38.Bc2 Rd4 39.Bb3 Rb4 40.Bg8 Raxa4 41.Bxh7 Rxb5 42.Bxg6 e6 43.Rc2 Rab4
44.h4 Rb2 45.Rxb2 Rxb2 46.g4 Ke7 47.g5 Rb4 48.Kh3 Rf4 49.Kg3 Rg4+ 50.Kh3 e4
51.Bh5 Rg1 52.Kh2 Re1 53.Bg6 Re2 54.Kg3 e3 55.fxe3 Rxe3+ 56.Kf4 Re4+ 57.Kg3 Rg4+
58.Kh3 Kf8 59.Bh5 Rc4 60.Bg6 Rc3+ 61.Kg2 f4 62.Kf2 Rh3 63.h5 Rg3 64.h6 Rxg5
65.h7  0-1

[Event "New York op"]
[Site "New York"]
[Date "1988.??.??"]
[Round "?"]
[White "Chernin, Alexander"]
[Black "Ivanov, Igor V"]
[Result "1-0"]
[WhiteElo "2560"]
[BlackElo "2505"]

1.d4 g6 2.e4 Bg7 3.Nc3 c6 4.f4 d5 5.e5 Nh6 6.Nf3 Bg4 7.Be2 e6 8.Be3 Nf5 9.Bf2 h5
10.Qd3 Qa5 11.O-O Bh6 12.g3 Nd7 13.Kg2 O-O-O 14.Nd1 h4 15.Nxh4 Nxh4+ 16.gxh4 Bf5
17.Qe3 Bxc2 18.Bg4 Bf8 19.Nc3 Be7 20.h5 gxh5 21.Bh3 Rdg8+ 22.Kh1 Qb4 23.Rae1 Rg4
24.Bxg4 hxg4 25.Rc1 Rh3 26.Bg3 Bf5 27.Nd1 Kb8 28.Qc3 Qb6 29.a3 a5 30.Ne3 Be4+
31.Kg1 f5 32.exf6 Bxf6 33.Rcd1 Bf3 34.Rxf3 gxf3 35.Ng4 Ka8 36.b4 axb4 37.axb4 Bh4
38.Kf2 Bxg3+ 39.hxg3 Nb8 40.Qc5 Qa6 41.Qa5 b6 42.Qxa6+ Nxa6 43.Re1 Nc7 44.Kxf3 Nb5
45.Kg2 Rh8 46.Rxe6 Nxd4 47.Re7 Rg8 48.Ne3 Ne2 49.Nxd5 Rxg3+ 50.Kf2 cxd5 51.Kxe2 Kb8
52.f5 Kc8 53.f6 Kd8 54.Rg7  1-0

[Event "New York op"]
[Site "New York"]
[Date "1988.??.??"]
[Round "?"]
[White "Alburt, Lev O"]
[Black "Ivanov, Igor V"]
[Result "1/2-1/2"]
[WhiteElo "2535"]
[BlackElo "2505"]

1.d4 Nf6 2.g3 d5 3.Bg2 c6 4.Nf3 Bf5 5.O-O e6 6.c4 Be7 7.Qb3 Qb6 8.Nc3 Nbd7
9.Nd2 O-O 10.e4 dxe4 11.Ndxe4 Nxe4 12.Nxe4 Nf6 13.Qxb6  1/2-1/2

[Event "New York op"]
[Site "New York"]
[Date "1988.??.??"]
[Round "?"]
[White "Tukmakov, Vladimir B"]
[Black "Ivanov, Igor V"]
[Result "1/2-1/2"]
[WhiteElo "2570"]
[BlackElo "2505"]

1.d4 Nf6 2.c4 e6 3.g3 Bb4+ 4.Bd2 Bxd2+ 5.Qxd2 c5 6.dxc5 Ne4 7.Qc2 Qa5+ 8.Nd2 Nxd2
9.Qxd2 Qxd2+ 10.Kxd2 Na6 11.Bg2 Ke7 12.Rb1 Nxc5 13.b4 Na6 14.Nf3 b6 15.Ne5 Rb8
16.Nd3 Bb7 17.Bxb7 Rxb7 18.b5 Nc7 19.a4 Ra8 20.c5 bxc5 21.Nxc5 Rb6 22.Rhc1 a6
23.bxa6 Rd6+ 24.Ke3 Nxa6 25.Ne4 Rd5 26.Rc4 Ra7 27.Nc3 Rh5 28.h4 Nc7 29.Kd3 Rf5
30.f4 Rfa5 31.Nb5 Nxb5 32.axb5 Rb7 33.Rcb4 Ra3+ 34.R1b3 Ra2  1/2-1/2

[Event "World op"]
[Site "Philadelphia"]
[Date "1988.??.??"]
[Round "?"]
[White "Ivanov, Igor V"]
[Black "Rohde, Michael A"]
[Result "0-1"]
[WhiteElo "2505"]
[BlackElo "2555"]

1.Nf3 Nf6 2.c4 e6 3.g3 a6 4.Bg2 b5 5.b3 Bb7 6.O-O Be7 7.d3 O-O 8.Na3 b4 9.Nc2 c5
10.e4 d6 11.Bb2 Nc6 12.Qe2 Nd7 13.d4 cxd4 14.Nfxd4 Rb8 15.Rad1 Qc7 16.Rd2 Rfe8
17.Rfd1 Bf8 18.Ne3 Nce5 19.Re1 Nf6 20.f4 Ng6 21.Ng4 Nxg4 22.Qxg4 e5 23.Nf5 Qc5+
24.Rf2 Bc8 25.Rf1 Kh8 26.h4 Ne7 27.fxe5 dxe5 28.Kh1 g6 29.Qf4 f6 30.Nd6 exf4
31.Nxe8 Be6 32.Nxf6 Bg7 33.Rxf4 Rd8 34.e5 Nf5 35.Ne4 Qc7 36.g4 Nxh4 37.Ng5 Nxg2
38.Nxe6 Qe7 39.Rf6 Ne3 40.Nxd8 Qxd8  0-1

[Event "World op"]
[Site "Philadelphia"]
[Date "1988.??.??"]
[Round "?"]
[White "Ivanov, Igor V"]
[Black "Brooks, Michael A"]
[Result "1-0"]
[WhiteElo "2505"]
[BlackElo "2345"]

1.d4 Nf6 2.c4 g6 3.Nc3 Bg7 4.e4 d6 5.Nf3 O-O 6.Be2 Nbd7 7.O-O e5 8.d5 h6
9.g3 Nc5 10.Qc2 a5 11.Nh4 Bd7 12.f3 c6 13.Be3 Rc8 14.Qd2 cxd5 15.cxd5 Kh7
16.Rac1 Ng8 17.Nb5 Bxb5 18.Bxb5 Bf6 19.Ng2 Bg5 20.f4 Bf6 21.Rxc5 dxc5 22.d6 Qb6
23.a4 Rcd8 24.Rd1 Bg7 25.d7 Qc7 26.Qd6 Qxd6 27.Rxd6 Nf6 28.fxe5 Nxe4 29.Rd5 b6
30.Kf1 Ng5 31.Bxg5 hxg5 32.Ne3 Rb8 33.Nc4 Rfd8 34.Rd6 Kg8 35.Ke2 Kf8 36.Kd3 Ke7
37.Ke4 Rh8 38.Nxb6 g4 39.b3 f5+ 40.Kd5 Rxh2 41.Re6+ Kf7 42.Nc4 f4 43.Re8  1-0

[Event "World op"]
[Site "Philadelphia"]
[Date "1988.??.??"]
[Round "?"]
[White "Rao, Vivek"]
[Black "Ivanov, Igor V"]
[Result "0-1"]
[WhiteElo "2355"]
[BlackElo "2505"]

1.d4 Nf6 2.c4 e6 3.Nf3 b6 4.g3 Ba6 5.b3 Bb4+ 6.Bd2 Be7 7.Nc3 Bb7 8.Bg2 O-O
9.O-O Na6 10.Bf4 d6 11.d5 e5 12.Bd2 Bc8 13.a3 Nc5 14.Nxe5 dxe5 15.d6 Bb7
16.Bxb7 Nxb7 17.dxe7 Qxe7 18.Bg5 Qe6 19.Qc2 Ne8 20.Rad1 c6 21.Bc1 f5 22.Bb2 Nf6
23.Rd2 Rae8 24.e4 f4 25.f3 fxg3 26.hxg3 Qh3 27.Rg2 Nd8 28.Nd1 Nh5 29.Nf2 Qe6
30.Nd3 Nf7 31.Bc1 Rd8 32.a4 c5 33.Nf2 Rd6 34.Ng4 Nd8 35.Ne3 Nc6 36.Nd5 Nd4
37.Qd1 Qh3 38.Rff2 Nxg3 39.Rh2 Qd7 40.Bg5 Rf7 41.Rhg2 Nge2+ 42.Kf1 Qh3 43.Rxe2 Re6
44.f4  0-1

[Event "Quebec"]
[Site "Quebec"]
[Date "1988.??.??"]
[Round "1"]
[White "Ibrahim, Anthony"]
[Black "Ivanov, Igor V"]
[Result "0-1"]
[WhiteElo "2260"]
[BlackElo "2505"]

1.e4 c5 2.Nf3 e6 3.c3 d5 4.Bb5+ Bd7 5.Bxd7+ Qxd7 6.exd5 Qxd5 7.O-O Nc6 8.d4 Rd8
9.Qa4 Nf6 10.Ne5 cxd4 11.Nxc6 Qxc6 12.Qxc6+ bxc6 13.cxd4 Rxd4 14.Be3 Rb4
15.b3 Nd5 16.Bxa7 Be7 17.Nd2 Kd7 18.a3 Rb7 19.Bd4 f6 20.Rfc1 Ra8 21.Bc5 Nf4
22.Rc2 Bxc5 23.Rxc5 Ne2+ 24.Kf1 Nd4 25.Rc3 e5 26.a4 Rb4 27.a5 Kc7 28.Rg3 g6
29.Rh3 h5 30.g4 hxg4 31.Rh7+ Kd6 32.Nc4+ Ke6 33.Nb6 Rxb6  0-1

[Event "Quebec"]
[Site "Quebec"]
[Date "1988.??.??"]
[Round "2"]
[White "Ivanov, Igor V"]
[Black "Morin, Yves"]
[Result "1-0"]
[WhiteElo "2505"]
[BlackElo "2210"]

1.Nf3 e6 2.c4 f5 3.g3 Nf6 4.Bg2 d5 5.O-O Bd6 6.d4 c6 7.Bg5 Nbd7 8.c5 Bc7
9.Nc3 e5 10.dxe5 Nxe5 11.Qd4 Qe7 12.Bf4 Nfd7 13.b4 O-O 14.Rfe1 Re8 15.e3 Nxf3+
16.Bxf3 Ne5 17.Bg2 g5 18.Bxe5 Bxe5 19.Qd2 Qg7 20.Rac1 Be6 21.b5 Rad8 22.bxc6 bxc6
23.Ne2 Bd7 24.Rb1 Rb8 25.Rb3 Bc7 26.Reb1 Rxb3 27.axb3 a5 28.Qd3 Qe7 29.Nd4 Rf8
30.Rc1 Qe8 31.Bh3 f4 32.Bxd7 Qxd7 33.exf4 gxf4 34.Re1 Qf7 35.Qe2 Rb8 36.Nxc6 Rxb3
37.Qg4+  1-0

[Event "Quebec"]
[Site "Quebec"]
[Date "1988.??.??"]
[Round "4"]
[White "Ivanov, Igor V"]
[Black "Dupuis, Stephane"]
[Result "1-0"]
[WhiteElo "2505"]
[BlackElo "2230"]

1.Nf3 Nf6 2.c4 e6 3.d4 d5 4.Nc3 c6 5.Bg5 dxc4 6.e4 b5 7.e5 h6 8.Bh4 g5 9.Nxg5 hxg5
10.Bxg5 Nbd7 11.exf6 Bb7 12.h4 Qb6 13.Qg4 O-O-O 14.Rd1 c5 15.d5 b4 16.dxe6 fxe6
17.Bxc4 bxc3 18.bxc3 Bh6 19.Rh3 Bd5 20.Bxd5 exd5 21.Rxd5 Rhe8+ 22.Re3 Bxg5
23.hxg5 Qb1+ 24.Rd1 Rxe3+ 25.fxe3 Qc2 26.f7 Qxc3+ 27.Kf2 Qc2+ 28.Kg1 Qc3  1-0

[Event "Quebec"]
[Site "Quebec"]
[Date "1988.??.??"]
[Round "6"]
[White "Ivanov, Igor V"]
[Black "Barbeau, Sylvain"]
[Result "1/2-1/2"]
[WhiteElo "2505"]
[BlackElo "2355"]

1.Nf3 Nf6 2.c4 g6 3.Nc3 d5 4.cxd5 Nxd5 5.Qb3 Nb6 6.d4 Bg7 7.Bg5 h6 8.Bf4 Be6
9.Qc2 Nc6 10.e3 Nb4 11.Qd1 O-O 12.Be2 c5 13.O-O Rc8 14.Bg3 Bc4 15.a3 cxd4
16.exd4 Nc6 17.Bxc4 Nxc4 18.Ne2 e5 19.dxe5 N6xe5 20.Nxe5 Nxe5 21.Qb3 Nc4
22.Qxb7 Bxb2 23.Ra2 Bxa3 24.Qxa7 Bc5 25.Qa4 Qd3 26.Nf4 Qf5 27.Qc2 Ne3 28.Qxf5 Nxf5
29.Nd5 Nxg3 30.hxg3 Kg7 31.Rd1 Rfd8 32.Kf1  1/2-1/2

[Event "Quebec"]
[Site "Quebec"]
[Date "1988.??.??"]
[Round "7"]
[White "Hebert, Jean"]
[Black "Ivanov, Igor V"]
[Result "0-1"]
[WhiteElo "2400"]
[BlackElo "2505"]

1.d4 Nf6 2.c4 e6 3.Nc3 Bb4 4.e3 b6 5.Ne2 Ba6 6.a3 Bxc3+ 7.Nxc3 d5 8.b3 O-O
9.Be2 Nc6 10.a4 dxc4 11.bxc4 Na5 12.Nb5 c6 13.Na3 c5 14.Bb2 cxd4 15.exd4 Rc8
16.Rc1 Ne4 17.O-O Qg5 18.f4 Qg6 19.Bd3 Bb7 20.Qe2 Rfd8 21.Rcd1 f5 22.Rf3 Rd7
23.Nc2 Rcd8 24.Ne3 Nb3 25.Bxe4 Bxe4 26.Rg3 Qh6 27.Ng4 Qh4 28.Qe3 fxg4 29.Qxe4 Nc5
30.Qe2 h5 31.a5 Qf6 32.axb6 axb6 33.Qe5 Qxe5 34.fxe5 Na4 35.Ba1 Rc8 36.Rc1 Rdc7
37.c5 bxc5 38.Ra3 Nb6 39.dxc5 Rxc5 40.Rxc5 Rxc5 41.Bd4 Rc1+ 42.Kf2 Nd5 43.Kg3 Rc4
44.Ba7 Kf7 45.Ra6 g5 46.Kf2 Rc2+ 47.Kf1 Nf4 48.Be3 Nxg2 49.Bxg5 Kg6 50.Bf6 Nf4
51.Kg1 Nh3+  0-1

[Event "Quebec"]
[Site "Quebec"]
[Date "1988.??.??"]
[Round "8"]
[White "Bolduc, Steve"]
[Black "Ivanov, Igor V"]
[Result "0-1"]
[WhiteElo "2230"]
[BlackElo "2505"]

1.e4 c5 2.Nf3 Nc6 3.Nc3 g6 4.d4 cxd4 5.Nxd4 Bg7 6.Be3 Nf6 7.Nxc6 bxc6 8.e5 Ng8
9.Bf4 Qa5 10.Qe2 Rb8 11.O-O-O Rxb2 12.Qe3 Rb4 13.Rd4 Rxd4 14.Qxd4 Nf6 15.Bd2 Nd5
16.Bc4 Nb6 17.f4 Qa3+ 18.Kd1 d5 19.Bb3 O-O 20.h3 c5 21.Qf2 c4  0-1

[Event "Quebec"]
[Site "Quebec"]
[Date "1988.??.??"]
[Round "11"]
[White "Ivanov, Igor V"]
[Black "Leveille, Francois"]
[Result "1/2-1/2"]
[WhiteElo "2505"]
[BlackElo "2230"]

1.d4 Nf6 2.c4 e6 3.Nf3 d5 4.Nc3 c5 5.cxd5 Nxd5 6.e4 Nxc3 7.bxc3 cxd4 8.cxd4 Bb4+
9.Bd2 Bxd2+ 10.Qxd2 O-O 11.Rd1 b6 12.Qf4 Qe7 13.Bd3 Qb4+ 14.Rd2 Ba6 15.O-O Bxd3
16.Rxd3 Nc6 17.h4 Rad8  1/2-1/2

[Event "Saint John op-1"]
[Site "Saint John"]
[Date "1988.??.??"]
[Round "?"]
[White "Ivanov, Igor V"]
[Black "Shamkovich, Leonid"]
[Result "1-0"]
[WhiteElo "2505"]
[BlackElo "2435"]

1.c4 c5 2.Nf3 Nf6 3.g3 b6 4.Bg2 Bb7 5.O-O e6 6.Nc3 d6 7.Re1 Be7 8.e4 a6 9.d4 cxd4
10.Nxd4 Qc7 11.Be3 Nbd7 12.Rc1 Rc8 13.f4 O-O 14.g4 Nc5 15.Bf2 Ne8 16.g5 g6
17.Qd2 Ng7 18.f5 gxf5 19.exf5 Bxg2 20.Kxg2 Qb7+ 21.Kg1 exf5 22.Rxe7 Qxe7
23.Nd5 Qd8 24.Nf6+ Kh8 25.Qf4 Ne8 26.Nxh7 Kxh7 27.Qh4+ Kg8 28.Rc3 Ne4 29.Rb3 Qxg5+
30.Rg3 f6 31.Be3 Qxg3+ 32.hxg3 Ng7 33.Bh6 Rxc4 34.Bxg7 Kxg7 35.Nxf5+ Kf7
36.Qh7+ Ke6 37.g4 Rc1+ 38.Kg2 Rfc8 39.Ng7+ Ke5 40.Qf5+ Kd4 41.Ne6+ Kd3 42.Qf3+ Kc2
43.Qxe4+ Kxb2 44.Nd4 Kxa2 45.Qe2+ Kb1 46.Qxa6 R1c4 47.Qxb6+ Kc1 48.Qxd6 Kd2
49.Kf3 Rc3+ 50.Kf2 R8c5 51.Qxf6 Rd3 52.Ne2  1-0